00302nam a2200121 450000500170000010000180001724500230003526400340005830000180009233600220011033700240013233800240015620260530113845.01 aRaymond Loewy10aIndustrial design  1bFaber and Faber, Londonc1979 a248 páginas atexto2rdacontent asin medio2rdamedia avolumen2rdacarrier